Το εικονογραφημένο βιβλίο στην προσχολική εκπαίδευση : φιλαναγνωστικές δράσεις
Αποθηκεύτηκε σε:
| Κύριος συγγραφέας: | |
|---|---|
| Μορφή: | Βιβλίο |
| Γλώσσα: | Greek |
| Δημοσίευση: |
Αθήνα :
Πατάκης,
2016.
|
| Σειρά: | Θεωρητικές επιστήμες. Για την παιδική λογοτεχνία (Πατάκης)
|
| Θέματα: | |
| Ετικέτες: |
Προσθήκη ετικέτας
Δεν υπάρχουν, Καταχωρήστε ετικέτα πρώτοι!
|
MARC
| LEADER | 00000cam a2200000 a 4500 | ||
|---|---|---|---|
| 001 | 1/114292 | ||
| 008 | 170607s2016####gr | ||| |||| ||gre|| | ||
| 020 | |a 9789601664545 | ||
| 040 | |a GR-MyUa |b gre |c GR-MyUa |e AACR2 | ||
| 041 | 0 | |a gre | |
| 082 | 7 | |a 808.068 |2 (23) | |
| 100 | 1 | |a Γιαννικοπούλου, Αγγελική Α. | |
| 245 | 1 | 3 | |a Το εικονογραφημένο βιβλίο στην προσχολική εκπαίδευση : |b φιλαναγνωστικές δράσεις / |c Αγγελική Γιαννικοπούλου. |
| 260 | |a Αθήνα : |b Πατάκης, |c 2016. | ||
| 300 | |a 430 σ. ; |c 21 εκ. | ||
| 490 | 1 | |a (Θεωρητικές επιστήμες. Για την παιδική λογοτεχνία / Πατάκης) | |
| 504 | |a Βιβλιογραφία: σ. 412-430. | ||
| 650 | 0 | |a Picture books for children |x Educational aspects. | |
| 650 | 0 | |a Preschool children |x Books and reading. | |
| 650 | 0 | |a Children's literature |x History and criticism. | |
| 650 | 0 | |a Children |x Books and reading. | |
| 650 | 0 | |a Education, Preschool |x Activity programs. | |
| 830 | 0 | |a Θεωρητικές επιστήμες. |p Για την παιδική λογοτεχνία (Πατάκης) | |
| 852 | |a INST |b RHODES |c EUDOXUS |e 20170607 |h 808.068 ΓΙΑ |p 005400039325 |q 005400039325 |t EDX |y 0 | ||
| 852 | |a INST |b RHODES |c EUDOXUS |e 20190724 |h 808.068 ΓΙΑ |p 005400041029 |q 005400041029 |t EDX |y 0 | ||
| 852 | |a INST |b RHODES |c EUDOXUS |e 20210120 |h 808.068 ΓΙΑ |p 005400041850 |q 005400041850 |t EDX |y 0 | ||
| 920 | |a Εύδοξος |b Επιστροφή |y Ρόδος |z 2019-07 | ||
| 920 | |a Εύδοξος |b Παραγγελία |y Ρόδος-ΤΕΠΑΕΣ |z 2017-05 | ||
| 920 | |a Εύδοξος |b Παραγγελία |y Ρόδος-ΤΕΠΑΕΣ |z 2021-01 | ||
| 970 | |z 07-06-2017 | ||